Szczegóły MARC21

Standaryzacja procesów zarządzania personelem /

003 -Nazwa inst., której nr kontr. jest w polu 001 [,]
    • @
    • Nazwa instytucji, której n kontrolny jest w polu 001
    • NUKAT
005 -DATA I CZAS OSTATNIEJ MODYFIKACJI [,]
    • @
    • pole kontrolne
    • 20241231094504.0
020 -Międzynarod. znormalizowany nr książki - ISBN [ , ]
    • a
    • Numer ISBN
    • 8374840005 Find
040 -Instytucja sporządzająca opis [ , ]
    • a
    • Instytucja, która sporządziła opis (NP)
    • Ł 30/IDe
    • b
    • Język katalogowania
    • pol
    • e
    • Zasady katalogowania
    • rda
    • c
    • Instytucja, która sporządziła rekord (NP)
    • Ł 30/IDe
    • d
    • Instytucja, która zmodyfikowała rekord (P)
    • Ł 30/MS
    • d
    • Instytucja, która zmodyfikowała rekord (P)
    • KR U/IFs
    • d
    • Instytucja, która zmodyfikowała rekord (P)
    • GL 001/FAN
942 -Rodzaj dokumentu [ , ]
    • c
    • Rodzaj dokumentu
    • Książka
100 -Hasło główne - nazwa osobowa [1, ]
    • a
    • Nazwa osobowa (NP)
    • Marciniak, Jarosław.
    • e
    • Rodzaj współpracy
    • Autor
    • 9
    • KHW
    • 19372
245 -Strefa tytułu i oznaczenia odpowiedzialności [1,0]
    • a
    • Tytuł
    • Standaryzacja procesów zarządzania personelem / Find
    • c
    • Pozostałe elementy strefy tytułu i oznaczenia odpowiedzialności (NP)
    • Jarosław Marciniak.
260 -Strefa adresu wydawniczego [ , ]
    • a
    • Miejsce wydania (P)
    • Kraków :
    • b
    • Nazwa wydawcy (P)
    • Oficyna Ekonomiczna,
    • c
    • Data wydania (P)
    • 2006.
300 -Strefa opisu fizycznego [ , ]
    • a
    • Określenie formy książki i/lub objętość (NP)
    • 184 strony ;
    • c
    • Format (NP)
    • 24 cm.
336 -Typ zawartości [ , ]
    • a
    • Termin opisujący typ zawartości
    • Tekst
    • b
    • Kod określający zawartość
    • txt
    • 2
    • Źródło (terminu i kodu)
    • rdacontent
337 -Typ mediów [ , ]
    • a
    • Tryb odtwarzania
    • Bez urządzenia pośredniczącego
    • b
    • Kod typu mediów
    • n
    • 2
    • Źródło (terminu i kodu)
    • rdamedia
338 -Typ/rodzaj nośnika [ , ]
    • a
    • Hasło opisujące typ nośnika
    • Wolumin
    • b
    • Kod typu nośnika
    • nc
    • 2
    • Źródło (terminu i kodu)
    • rdacarrier
490 -Strefa serii i książki wielotomowej - forma nie do wyszukiwania [1, ]
    • a
    • Tytuł (P)
    • HR Find
830 -Hasło dodatkowe serii i opisu książki wielotomowej - tytuł ujednolicony/tytuł [ ,0]
    • a
    • Tytuł ujednolicony/tytuł (NP)
    • Zarządzanie Zasobami Ludzkimi (HR)
    • 9
    • KHW
    • 969
504 -Uwaga dot. bibliogr. załącznikowej [ , ]
    • a
    • Uwaga dot. bibliografii załącznikowej
    • Bibliografia na stronach 182-184.
521 -Uwaga dot. przeznaczenia czytelniczego [8, ]
    • a
    • Uwaga dot. przeznaczenia czytelniczego
    • Dla menedżerów i pracowników działów personalnych oraz pracowników firm doradczych.
080 -Uniwersalna Klasyfikacja Dziesiętna [ , ]
    • 2
    • Identyfikator wydania tablic
    • UDC-P022
    • a
    • Symbol klasyfikacji
    • 658.3
    • b
    • Dopowiedzenie
    • Personel przedsiębiorstwa. Stosunki międzyludzkie w przedsiębiorstwie. Human relations.
    • x
    • Poddział wspólny
    • (083.1)
    • b
    • Dopowiedzenie
    • (Przepisy. Instrukcje. Poradniki praktyczne).
080 -Uniwersalna Klasyfikacja Dziesiętna [ , ]
    • 2
    • Identyfikator wydania tablic
    • UDC-P022
    • a
    • Symbol klasyfikacji
    • 65.012.4
    • b
    • Dopowiedzenie
    • Kierownictwo. Technika i metodyka kierowania . Informacja wewnątrzzakładowa. Droga służbowa. Kontrola kierownictwa.
    • x
    • Poddział wspólny
    • (083.1)
    • b
    • Dopowiedzenie
    • (Przepisy. Instrukcje. Poradniki praktyczne).
080 -Uniwersalna Klasyfikacja Dziesiętna [ , ]
    • 2
    • Identyfikator wydania tablic
    • UDC-P022
    • a
    • Symbol klasyfikacji
    • 331.1
    • b
    • Dopowiedzenie
    • Teoria i organizacja pracy. Stosunki między pracodawcami a pracownikami. Polityka kadrowa (w zakładzie pracy).
    • x
    • Poddział wspólny
    • (083.1)
    • b
    • Dopowiedzenie
    • (Przepisy. Instrukcje. Poradniki praktyczne).
650 -Hasło przedmiotowe [ ,7]
    • a
    • Hasło przedmiotowe
    • Personel
    • x
    • Określnik rzeczowy
    • kierowanie
    • y
    • Określnik chronologiczny
    • 1990-.
    • 2
    • Źródło terminu
    • kaba
    • 9
    • KHW
    • 362765
650 -Hasło przedmiotowe [ ,7]
    • a
    • Hasło przedmiotowe
    • Działy kadr.
    • 2
    • Źródło terminu
    • kaba
    • 9
    • KHW
    • 106837
980 -Symbol UKD [ , ]
    • a
    • UKD
    • 658.3:65.012.4:331.1](075.8)
710 -Hasło dodatkowe - nazwa ciała zbiorowego [2, ]
    • a
    • Nazwa ciała zbiorowego lub nazwa geograficzna jako pierwszy element (NP)
    • Oficyna Ekonomiczna.
    • e
    • Rodzaj współpracy
    • Wydawca
    • 4
    • Kod relacji
    • pbl
    • 9
    • KHW
    • 71258
920 -ISBN [ , ]
    • a
    • ISBN
    • 83-7484-000-5 Find
Lokalizacja Data inwentaryzacji Status udost. Numer inwentarzowy
BE2006-10-26-2E.70182